Probabilty, ប្រូបាប៊ីលីតេ (Record no. 9914)

000 -LEADER
fixed length control field 00270nam a22001097a 4500
040 ## - CATALOGING SOURCE
Transcribing agency SY
082 ## - DEWEY DECIMAL CLASSIFICATION NUMBER
Classification number 519
100 ## - MAIN ENTRY--AUTHOR NAME
Personal name អ៊ុន ប៊ុនលាង
245 ## - TITLE STATEMENT
Title Probabilty, ប្រូបាប៊ីលីតេ
260 ## - PUBLICATION, DISTRIBUTION, ETC. (IMPRINT)
Place of publication RUA
Name of publisher អ៊ុន
Year of publication 2001
942 ## - ADDED ENTRY ELEMENTS (KOHA)
Koha item type សៀវភៅភាសាខ្មែរ
952 ## - LOCATION AND ITEM INFORMATION (KOHA)
Withdrawn status [LOCAL, KOHA] 0
Holdings
Koha item type Barcode Lost status Permanent Location Current Location Date acquired Full call number
សៀវភៅភាសាខ្មែរA02058 Library Block CLibrary Block C2016-09-15519 អ៊ុន 2001
មជ្ឈមណ្ឌលឯការនៃសាកលវិទ្យាល័យភូមិន្ទកសិកម្មចំការដូង

Powered by Koha